<?xml version="1.0" encoding="UTF-8"?>
<record
    xmlns:xsi="http://www.w3.org/2001/XMLSchema-instance"
    xsi:schemaLocation="http://www.loc.gov/MARC21/slim http://www.loc.gov/standards/marcxml/schema/MARC21slim.xsd"
    xmlns="http://www.loc.gov/MARC21/slim">

  <leader>02805cam a22003615a 4500</leader>
  <controlfield tag="005">20091109141235.0</controlfield>
  <datafield tag="010" ind1=" " ind2=" ">
    <subfield code="a">ENG-95667   B-424833-841</subfield>
  </datafield>
  <datafield tag="020" ind1=" " ind2=" ">
    <subfield code="a">9788120337299</subfield>
    <subfield code="c">250.00</subfield>
  </datafield>
  <datafield tag="035" ind1=" " ind2=" ">
    <subfield code="a">EN-79200</subfield>
  </datafield>
  <datafield tag="035" ind1=" " ind2=" ">
    <subfield code="a"> B-424833-841</subfield>
  </datafield>
  <datafield tag="037" ind1=" " ind2=" ">
    <subfield code="a">DBAD/PUB</subfield>
  </datafield>
  <datafield tag="037" ind1=" " ind2=" ">
    <subfield code="a">Researchco Book Centre</subfield>
  </datafield>
  <datafield tag="082" ind1=" " ind2=" ">
    <subfield code="a">651.7</subfield>
  </datafield>
  <datafield tag="100" ind1=" " ind2=" ">
    <subfield code="a">Debasish, Sathya Swaroop</subfield>
    <subfield code="9">32043</subfield>
  </datafield>
  <datafield tag="245" ind1=" " ind2=" ">
    <subfield code="a">Business communication /</subfield>
    <subfield code="c">by Sathya Swaroop Debasish [and] Bhagaban Das</subfield>
  </datafield>
  <datafield tag="260" ind1=" " ind2=" ">
    <subfield code="a">New Delhi</subfield>
    <subfield code="b">PHI Learning </subfield>
    <subfield code="c">2009.</subfield>
  </datafield>
  <datafield tag="300" ind1=" " ind2=" ">
    <subfield code="a">xiv, 331p.</subfield>
    <subfield code="c">24cm.(Pbk)</subfield>
  </datafield>
  <datafield tag="500" ind1=" " ind2=" ">
    <subfield code="a">Includes  Index</subfield>
  </datafield>
  <datafield tag="700" ind1=" " ind2=" ">
    <subfield code="a">Das, Bhagaban</subfield>
    <subfield code="9">32044</subfield>
  </datafield>
  <datafield tag="942" ind1=" " ind2=" ">
    <subfield code="2">ddc</subfield>
    <subfield code="c">EN</subfield>
    <subfield code="m">DEB</subfield>
    <subfield code="h">651.7</subfield>
  </datafield>
  <datafield tag="999" ind1=" " ind2=" ">
    <subfield code="c">33193</subfield>
    <subfield code="d">33193</subfield>
  </datafield>
  <datafield tag="952" ind1=" " ind2=" ">
    <subfield code="0">0</subfield>
    <subfield code="1">0</subfield>
    <subfield code="2">ddc</subfield>
    <subfield code="4">0</subfield>
    <subfield code="7">1</subfield>
    <subfield code="8">NFIC</subfield>
    <subfield code="a">DBAD</subfield>
    <subfield code="b">DBAD</subfield>
    <subfield code="d">2009-12-18</subfield>
    <subfield code="e">DBAD / PUB </subfield>
    <subfield code="g">250.00</subfield>
    <subfield code="l">0</subfield>
    <subfield code="o">651.7 DEB</subfield>
    <subfield code="p">EN-79200</subfield>
    <subfield code="r">2009-12-18 00:00:00</subfield>
    <subfield code="t">1</subfield>
    <subfield code="v">250.00</subfield>
    <subfield code="w">2009-12-18</subfield>
    <subfield code="y">EN</subfield>
  </datafield>
  <datafield tag="952" ind1=" " ind2=" ">
    <subfield code="0">0</subfield>
    <subfield code="1">0</subfield>
    <subfield code="4">0</subfield>
    <subfield code="7">0</subfield>
    <subfield code="8">NFIC</subfield>
    <subfield code="a">L</subfield>
    <subfield code="b">L</subfield>
    <subfield code="d">2011-08-09</subfield>
    <subfield code="e">Researchco Book Centre/RBC-22386/2011-12/14.3.11/76/4.3.11/23.3.11</subfield>
    <subfield code="g">250.00</subfield>
    <subfield code="l">5</subfield>
    <subfield code="o">651.7 DEB</subfield>
    <subfield code="p">B-424833</subfield>
    <subfield code="r">2022-03-26 00:00:00</subfield>
    <subfield code="s">2022-03-19</subfield>
    <subfield code="t">2</subfield>
    <subfield code="v">250.00</subfield>
    <subfield code="w">2011-08-09</subfield>
    <subfield code="y">EN</subfield>
  </datafield>
  <datafield tag="952" ind1=" " ind2=" ">
    <subfield code="0">0</subfield>
    <subfield code="1">0</subfield>
    <subfield code="4">0</subfield>
    <subfield code="7">0</subfield>
    <subfield code="8">NFIC</subfield>
    <subfield code="a">L</subfield>
    <subfield code="b">L</subfield>
    <subfield code="d">2011-08-09</subfield>
    <subfield code="e">Researchco Book Centre/RBC-22386/2011-12/14.3.11/76/4.3.11/23.3.11</subfield>
    <subfield code="g">250.00</subfield>
    <subfield code="l">3</subfield>
    <subfield code="o">651.7 DEB</subfield>
    <subfield code="p">B-424834</subfield>
    <subfield code="r">2019-11-24 00:00:00</subfield>
    <subfield code="s">2019-11-17</subfield>
    <subfield code="t">2</subfield>
    <subfield code="v">250.00</subfield>
    <subfield code="w">2011-08-09</subfield>
    <subfield code="y">EN</subfield>
  </datafield>
  <datafield tag="952" ind1=" " ind2=" ">
    <subfield code="0">0</subfield>
    <subfield code="1">0</subfield>
    <subfield code="4">0</subfield>
    <subfield code="7">0</subfield>
    <subfield code="8">NFIC</subfield>
    <subfield code="a">M</subfield>
    <subfield code="b">M</subfield>
    <subfield code="d">2011-08-09</subfield>
    <subfield code="e">Researchco Book Centre/RBC-22386/2011-12/14.3.11/76/4.3.11/23.3.11</subfield>
    <subfield code="g">250.00</subfield>
    <subfield code="l">0</subfield>
    <subfield code="o">651.7 DEB</subfield>
    <subfield code="p">B-424835</subfield>
    <subfield code="r">2011-08-09 00:00:00</subfield>
    <subfield code="t">5</subfield>
    <subfield code="v">250.00</subfield>
    <subfield code="w">2011-08-09</subfield>
    <subfield code="y">EN</subfield>
  </datafield>
  <datafield tag="952" ind1=" " ind2=" ">
    <subfield code="0">0</subfield>
    <subfield code="1">0</subfield>
    <subfield code="4">0</subfield>
    <subfield code="7">0</subfield>
    <subfield code="8">NFIC</subfield>
    <subfield code="a">M</subfield>
    <subfield code="b">M</subfield>
    <subfield code="d">2011-08-09</subfield>
    <subfield code="e">Researchco Book Centre/RBC-22386/2011-12/14.3.11/76/4.3.11/23.3.11</subfield>
    <subfield code="g">250.00</subfield>
    <subfield code="l">0</subfield>
    <subfield code="o">651.7 DEB</subfield>
    <subfield code="p">B-424836</subfield>
    <subfield code="r">2011-08-09 00:00:00</subfield>
    <subfield code="t">5</subfield>
    <subfield code="v">250.00</subfield>
    <subfield code="w">2011-08-09</subfield>
    <subfield code="y">EN</subfield>
  </datafield>
  <datafield tag="952" ind1=" " ind2=" ">
    <subfield code="0">0</subfield>
    <subfield code="1">0</subfield>
    <subfield code="4">0</subfield>
    <subfield code="7">0</subfield>
    <subfield code="8">NFIC</subfield>
    <subfield code="a">M</subfield>
    <subfield code="b">M</subfield>
    <subfield code="d">2011-08-09</subfield>
    <subfield code="e">Researchco Book Centre/RBC-22386/2011-12/14.3.11/76/4.3.11/23.3.11</subfield>
    <subfield code="g">250.00</subfield>
    <subfield code="l">0</subfield>
    <subfield code="o">651.7 DEB</subfield>
    <subfield code="p">B-424837</subfield>
    <subfield code="r">2011-08-09 00:00:00</subfield>
    <subfield code="t">5</subfield>
    <subfield code="v">250.00</subfield>
    <subfield code="w">2011-08-09</subfield>
    <subfield code="y">EN</subfield>
  </datafield>
  <datafield tag="952" ind1=" " ind2=" ">
    <subfield code="0">0</subfield>
    <subfield code="1">0</subfield>
    <subfield code="4">0</subfield>
    <subfield code="7">0</subfield>
    <subfield code="8">NFIC</subfield>
    <subfield code="a">M</subfield>
    <subfield code="b">M</subfield>
    <subfield code="d">2011-08-09</subfield>
    <subfield code="e">Researchco Book Centre/RBC-22386/2011-12/14.3.11/76/4.3.11/23.3.11</subfield>
    <subfield code="g">250.00</subfield>
    <subfield code="l">3</subfield>
    <subfield code="o">651.7 DEB</subfield>
    <subfield code="p">B-424838</subfield>
    <subfield code="q">2045-06-01</subfield>
    <subfield code="r">2018-01-15 00:00:00</subfield>
    <subfield code="s">2018-01-15</subfield>
    <subfield code="t">5</subfield>
    <subfield code="v">250.00</subfield>
    <subfield code="w">2011-08-09</subfield>
    <subfield code="y">EN</subfield>
  </datafield>
  <datafield tag="952" ind1=" " ind2=" ">
    <subfield code="0">0</subfield>
    <subfield code="1">0</subfield>
    <subfield code="4">0</subfield>
    <subfield code="7">0</subfield>
    <subfield code="8">NFIC</subfield>
    <subfield code="a">M</subfield>
    <subfield code="b">M</subfield>
    <subfield code="d">2011-08-09</subfield>
    <subfield code="e">Researchco Book Centre/RBC-22386/2011-12/14.3.11/76/4.3.11/23.3.11</subfield>
    <subfield code="g">250.00</subfield>
    <subfield code="l">0</subfield>
    <subfield code="o">651.7 DEB</subfield>
    <subfield code="p">B-424839</subfield>
    <subfield code="r">2011-08-09 00:00:00</subfield>
    <subfield code="t">5</subfield>
    <subfield code="v">250.00</subfield>
    <subfield code="w">2011-08-09</subfield>
    <subfield code="y">EN</subfield>
  </datafield>
  <datafield tag="952" ind1=" " ind2=" ">
    <subfield code="0">0</subfield>
    <subfield code="1">5</subfield>
    <subfield code="4">0</subfield>
    <subfield code="7">0</subfield>
    <subfield code="8">NFIC</subfield>
    <subfield code="a">BL4</subfield>
    <subfield code="b">BL4</subfield>
    <subfield code="d">2011-08-09</subfield>
    <subfield code="e">Researchco Book Centre/RBC-22386/2011-12/14.3.11/76/4.3.11/23.3.11</subfield>
    <subfield code="g">250.00</subfield>
    <subfield code="l">0</subfield>
    <subfield code="o">651.7 DEB</subfield>
    <subfield code="p">B-424840</subfield>
    <subfield code="r">2011-08-09 00:00:00</subfield>
    <subfield code="t">1</subfield>
    <subfield code="v">250.00</subfield>
    <subfield code="y">EN</subfield>
  </datafield>
  <datafield tag="952" ind1=" " ind2=" ">
    <subfield code="0">0</subfield>
    <subfield code="1">0</subfield>
    <subfield code="4">0</subfield>
    <subfield code="7">0</subfield>
    <subfield code="8">NFIC</subfield>
    <subfield code="a">YV</subfield>
    <subfield code="b">YV</subfield>
    <subfield code="d">2011-08-09</subfield>
    <subfield code="e">Researchco Book Centre/RBC-22386/2011-12/14.3.11/76/4.3.11/23.3.11</subfield>
    <subfield code="g">250.00</subfield>
    <subfield code="l">0</subfield>
    <subfield code="o">651.7 DEB</subfield>
    <subfield code="p">B-424841</subfield>
    <subfield code="r">2011-08-09 00:00:00</subfield>
    <subfield code="t">1</subfield>
    <subfield code="v">250.00</subfield>
    <subfield code="w">2011-08-09</subfield>
    <subfield code="y">EN</subfield>
  </datafield>
</record>
